Country by Year of Independence - South America - Statistics

General Stats
  • This quiz has been taken 146 times
  • The average score is 12 of 12
Answer Stats
Year of
Independence
Country % Correct
1822 Brazil
98%
1810 Colombia
98%
1966 Guyana
98%
1816 Argentina
97%
1818 Chile
97%
1828 Uruguay
97%
1825 Bolivia
96%
1842 Paraguay
96%
1954 Suriname
96%
1830 (May 13) Ecuador
95%
1824 Peru
95%
1830 (Jan 13) Venezuela
94%
No matching quizzes found
Score Distribution
Percent of People with Each Score
Percentile by Number Answered
Your Score History
You have not taken this quiz